| 000 | 00666cam a22002172 4500 | ||
|---|---|---|---|
| 001 | 0000020619 | ||
| 005 | 20151217152218.0 | ||
| 008 | 110928s xx 000 0 eng d | ||
| 020 | _a1405196536 : | ||
| 040 |
_aKABU _cKABU |
||
| 245 | 1 | 0 |
_aGlacier science and environmental change / _cedited by Peter G. Knight. |
| 250 | _a1st ed. | ||
| 260 |
_aChichester, UK : _bWiley - Blackwell, _c2009. |
||
| 300 | _axiv, 527 p. | ||
| 650 | 0 |
_aGlaciology. _@0000181042 |
|
| 650 | 0 |
_aGlobal environmental change. _@0000149741 |
|
| 700 | 1 |
_aKnight, Peter. _@0000179815 |
|
| 852 | 1 | _9p7440 KES | |
| 908 | _a110928 | ||
| 950 | _@1 | ||
| 999 |
_c9421 _d9421 |
||